000
00312nam a2200133Ia 4500
082
_a
618.92
_b
R04G
100
_a
GUPTE, S.
245
_a
RECENT ADVANCES IN PEDIATRICS : CERTICARE PEDIATRICS
250
_a
1ST
260
_b
JAYPEE BROTHERS
_a
DELHI
_c
2004
300
_a
1-571
650
_a
PAEDIATRICS
942
_2
ddc
_c
BK
999
_c
75
_d
75